Statistiques concernant Films avec Virginie Efira par image

Cliquez ici pour prendre le quiz!

Statistiques générales

  • Ce quiz a été pris 83 fois
  • Le résultat moyen est 7 sur 16

Statistiques - réponses

Réponse% Correct
Le Chat Potté
91%
20 ans d'écart
88%
Le Grand Bain
62%
Un homme à la hauteur
57%
Adieu les cons
54%
Revoir Paris
53%
Benedetta
49%
En attendant Bojangles
45%
Hôtel Transylvanie
41%
Sibyl
36%
Victoria
33%
Les Enfants des autres
30%
Une famille à louer
21%
L'Amour, c'est mieux à deux
16%
Les Invincibles
12%
Le Siffleur
11%

Distribution des résultats

Percentile par nombre de réponses

% des personnes avec chaque résultat

Votre développement - résultats

Vous n’avez pas pris ce quiz